LEADER 01444oam 2200469zu 450 001 9910130678603321 005 20241212220432.0 010 $a9780956715715 010 $a0956715710 035 $a(CKB)3420000000000654 035 $a(SSID)ssj0000781205 035 $a(PQKBManifestationID)12269560 035 $a(PQKBTitleCode)TC0000781205 035 $a(PQKBWorkID)10803983 035 $a(PQKB)11495264 035 $a(NjHacI)993420000000000654 035 $a(EXLCZ)993420000000000654 100 $a20160829d2012 uy 101 0 $aeng 135 $aur||||||||||| 181 $ctxt 182 $cc 183 $acr 200 10$a2012 International Conference on Modelling, Identification and Control 210 31$a[Place of publication not identified]$cIEEE$d2012 215 $a1 online resource (various pagings) $cillustrations 300 $aBibliographic Level Mode of Issuance: Monograph 311 08$a9781467315241 311 08$a1467315249 606 $aAutomatic control$vCongresses 606 $aComputer-aided design$vCongresses 606 $aSimulation methods$vCongresses 615 0$aAutomatic control 615 0$aComputer-aided design 615 0$aSimulation methods 676 $a001 702 $aIEEE Staff 801 0$bPQKB 906 $aPROCEEDING 912 $a9910130678603321 996 $a2012 International Conference on Modelling, Identification and Control$92524143 997 $aUNINA LEADER 01982ojm 2200253z- 450 001 9910150492903321 005 20251118110054.0 010 $a1-4690-2539-6 035 $a(CKB)3710000000944184 035 $a(BIP)043211398 035 $a(ODN)ODN0001278661 035 $a(EXLCZ)993710000000944184 100 $a20231107c2013uuuu -u- - 101 0 $aeng 200 10$aSky Island 210 $cGildan Audio 330 8 $aOne day a young girl, Trot, encounters a strange young boy with a big umbrella. She learns his name is Button Bright and he uses this umbrella to go on long journeys. Trot's friend, Cap'n Bill, joins the two children and they venture to a fantastical island, which they call Sky Island, as it is halfway in the sky. The island is split into two sides - the blue side and the pink side. They arrive first at the blue side - a dangerous and hostile place. The leader of the blue side, the Boolooroo of the Blues, is an evil man who punishes people by chopping them in half and sewing mismatched pieces back together. The Boolooroo captures Trot, Button, and Cap'n Bill and gives Trot as a slave to his daughters. The three eventually escape and make their way over to the pink side of the island, a much happier but still dangerous place. The laws of Sky Island insist that the visitors be thrown off the side of the island, and even the leader cannot save them. Trot, Button, and Cap'n Bill seem to be in an inescapable place of danger and they will need someone or something very powerful to save them from Sky Island. L. Frank Baum (1856-1919) was an American author of children's books, most famous for his "The Wonderful Wizard of Oz." "Sky Island" is a sequel to Baum's "The Sea Fairies," a children's fantasy novel concerning the adventures of Trot and Cap'n Bill. 676 $a[Fic] 700 $aBaum$b L. Frank.$0558188 702 $aCraden$b Abby$4nrt 906 $aAUDIO 912 $a9910150492903321 996 $aSky Island$93594582 997 $aUNINA LEADER 06222nam 22005535 450 001 9910349441103321 005 20251113211615.0 010 $a3-030-23265-4 024 7 $a10.1007/978-3-030-23265-8 035 $a(CKB)4100000009522821 035 $a(DE-He213)978-3-030-23265-8 035 $a(MiAaPQ)EBC5945772 035 $a(PPN)258306815 035 $a(MiAaPQ)EBC5945664 035 $a(iGPub)SPNA0062275 035 $a(EXLCZ)994100000009522821 100 $a20191014d2019 u| 0 101 0 $aeng 135 $aurnn|008mamaa 181 $ctxt$2rdacontent 182 $cc$2rdamedia 183 $acr$2rdacarrier 200 10$aAdvances in Plant Breeding Strategies: Industrial and Food Crops $eVolume 6 /$fedited by Jameel M. Al-Khayri, Shri Mohan Jain, Dennis V. Johnson 205 $a1st ed. 2019. 210 1$aCham :$cSpringer International Publishing :$cImprint: Springer,$d2019. 215 $a1 online resource (XV, 744 p. 144 illus., 118 illus. in color.) 311 08$a3-030-23264-6 320 $aIncludes bibliographical references and index. 327 $aPreface -- About the Editors -- Contributors -- Part I. Industrial Crops -- 1. Genetics and Breeding of Tropical Acacias for Forest Products: Acacia mangium, A. auriculiformis and A. crassicarpa; Arif Nirsatmanto, Sri Sunarti -- 2. Cotton (Gossypium hirsutum L.) Breeding Strategies; Saeed Rauf et al -- 3. CRISPR/Cas9: A New Genome Editing Tool to Accelerate Cotton (Gossypium spp.) Breeding; Muhammad N. Sattar et al -- 4. Jute (Corchorus spp.) Breeding; Liwu Zhang et al -- 5. Ramie (Boehmeria nivea L. Gaud) Genetic Improvement; Pratik Satya et al -- 6. Genetic Improvement of Guayule (Parthenium argentatum A. Gray): An Alternative Rubber Crop; Hussein Abdel-Haleem et al -- 7. Biotechnological Advances in Rubber Tree (Hevea brasiliensis Muell. Arg.) Breeding; Sankaran Sobha et al -- 8. Genetics and Breeding of Jojoba [Simmondsia chinensis (Link) Schneider]; Mohamed M.A. Khairi -- 9. Flax (Linum usitatissimum L.) Genomics and Breeding; Frank M. You et al -- 10. Breeding Strategies to Improve Production of Agave (Agave spp.); Kelly M. Monja-Mio et al -- 11. Sugarcane (Saccharum spp.): Breeding and Genomics; Shriram J. Mirajkar et al -- Part II. Food Crops -- 12. Cacao (Theobroma cacao L.) Breeding; Frances Bekele, Wilbert Phillips-Mora -- 13. Oil Palm (Elaeis spp.) Breeding in Malaysia; Fadila Ahmad Malike et al -- 14. Safflower (Carthamus tinctorius L.) Breeding; Pooran Golkar, Somayeh Karimi -- 15. Advances in Sesame (Sesamum indicum L.) Breeding; Swapan K. Tripathy et al -- 16. Breeding Strategies for Sunflower (Helianthus annuus L.) Genetic Improvement; Saeed Rauf -- 17. Saffron (Crocus sativus L.) Breeding: Opportunities and Challenges; Majid Shokrpour -- 18. Vanilla (Vanilla spp.) Breeding; Alan H. Chambers -- Index. . 330 $aPlant breeders and geneticists are under constant pressure to sustain and expand food production by using innovative breeding strategies and introducing minor crops, which are well adapted to marginal lands, provide a source of nutrition, and have abiotic and biotic stress tolerance, to feed an ever-increasing human population. The basic concept of this book is to examine the use of innovative methods augmenting traditional plant breeding towards the improvement and development of new crop varieties, under the increasingly limiting environmental and cultivation factors, to achieve sustainable agricultural production and enhanced food security. In addition to developing improved crops for innovative industrial products such as pharmaceuticals and food additives, biofuels, oils and textiles. Three volumes of this book series were published in 2015, 2016 and 2018, respectively: Volume 1. Breeding, Biotechnology and Molecular Tools; Volume 2. Agronomic, Abiotic and Biotic Stress Traits and Volume 3. Fruits. In 2019, the following four volumes are concurrently being published: Volume 4. Nut and Beverage Crops, Volume 5. Cereals, Volume 6. Industrial and Food Crops and Volume 7. Legumes. This Vol 6, subtitled Industrial and Food Crops, consists of 2 parts. Included in Part I are 11 industrial plant species utilized as sources of raw materials for the production of industrial products including pulp and wood crops (acacia), fiber (cotton, jute and ramie), rubber (guayule and rubber tree), oil (jojoba and flax), biofuels and pharmaceutical (agave) and sugar source (sugarcane). Part II covers 7 food plants selected for their utilization in food industries for the production of chocolate (cacao), cooking oil (oil palm, safflower, sesame and sunflower) and natural flavors and aroma (saffron and vanilla). Chapters are written by 60 internationally reputable scientists from 14 countries and subjected to a review process toassure quality presentation and scientific accuracy. Each chapter begins with an introduction covering related backgrounds and provides in-depth discussion of the subject supported with 138 high quality color figures, and relevant data in 78 tables. The chapter concludes with recommendations for future research directions, appendixes of genetic resources and concerned research institutes and a comprehensive list of pertinent references to facilitate further reading. This book series is a valuable resource for advanced students, researchers, scientists, commercial producers and seed companies as well as consultants and policymakers interested in agriculture, particularly in modern breeding technologies. 606 $aAgriculture 606 $aBotany 606 $aAgriculture 606 $aPlant Science 615 0$aAgriculture. 615 0$aBotany. 615 14$aAgriculture. 615 24$aPlant Science. 676 $a630 702 $aAl-Khayri$b Jameel M$4edt$4http://id.loc.gov/vocabulary/relators/edt 702 $aJain$b Shri Mohan$4edt$4http://id.loc.gov/vocabulary/relators/edt 702 $aJohnson$b Dennis V$4edt$4http://id.loc.gov/vocabulary/relators/edt 801 0$bMiAaPQ 801 1$bMiAaPQ 801 2$bMiAaPQ 906 $aBOOK 912 $a9910349441103321 996 $aAdvances in Plant Breeding Strategies: Industrial and Food Crops$91972559 997 $aUNINA